A la luz... de mis ojos / (Record no. 22733)

000 -CABECERA
fixed length control field 00733nam a22002177i 4500
003 - IDENTIFICADOR DEL NÚMERO DE CONTROL
control field AR-CdUCM
008 - DATOS DE LONGITUD FIJA--INFORMACIÓN GENERAL
fixed length control field 231020b20212021pe o|||| |||| 001 0 spa d
040 ## - FUENTE DE LA CATALOGACIÓN
Agencia/entidad que catalogó originalmente la obra MUNICIPALIDAD PROVINCIAL DEL CUSCO
Entidad que transcribió la catalogación BIBLIOTECA MUNICIPAL DEL CUSCO
082 ## - NÚMERO DE LA CLASIFICACIÓN DECIMAL DEWEY
No. de Clasificación 869.56 / L9812A
Notacion interna L9812A
100 ## - ENTRADA PRINCIPAL--NOMBRE DE PERSONA
Nombre Personal Luna Cueto, Ramón
245 ## - MENCIÓN DE TÍTULO
Título A la luz... de mis ojos /
260 ## - PUBLICACIÓN, DISTRIBUCIÓN, ETC.
Lugar de publicación, distribución, etc. Santiago-Cusco :
Fecha de publicación, distribución, etc. 2021.
300 ## - DESCRIPCIÓN FÍSICA
Nº de Páginas Extensión 223 páginas. :
Dimensiones 21 cm.
505 ## - NOTA DE CONTENIDO CON FORMATO
Nota de contenido formateada Odas idílicas de amor -- Odas religiosas -- Odas majestuosas -- Odas cotidianas de la vida
650 ## - PUNTO DE ACCESO ADICIONAL DE MATERIA--TÉRMINO DE MATERIA
Descriptor Odas de amor
9 (RLIN) 49210
650 ## - PUNTO DE ACCESO ADICIONAL DE MATERIA--TÉRMINO DE MATERIA
Descriptor Majestuosas odas cotidianas
9 (RLIN) 49211
650 ## - PUNTO DE ACCESO ADICIONAL DE MATERIA--TÉRMINO DE MATERIA
Descriptor Odas religiosas
9 (RLIN) 49245
942 ## - ELEMENTOS DE PUNTO DE ACCESO ADICIONAL (KOHA)
Fuente de clasificación
Tipo de item Libros-BMC
945 ## - PROCESAMIENTO DE INFORMACIÓN LOCAL (OCLC)
Catalogador pebm
AAAA-MM-DD - Fecha de ingreso o modificacion 2023-10-20
Holdings
Estado de retiro (separado) Fuente de clasificación o esquema de estanterías Estado dañado Ubicación Sala donde se ubica Nombre de la colección Fecha de adquisición o compra Fuente de adquisición Costo, precio normal en soles Signatura topográfica Código de Barras Última vez visto (Koha) Tipo de ítem (Koha)
No     Sala Humanidades Sala Humanidades Book Cart 2023-10-20 Donación 20.00 869.56 / L9812A SH0000016563 2023-10-20 Libros-BMC

Powered by Koha